L'Attaque des Titans/SNK - personnage au hasard - Statistiques

Statistiques générales
  • Ce quiz a été pris 217 fois
  • Le résultat moyen est 15 sur 20
Statistiques - réponses
Par images Réponse % Correct
Eren Jaeger
100%
Erwin Smith
98%
Mikasa Ackerman
98%
Armin Arlert
97%
Livai Ackerman
96%
Annie Leonhardt
94%
Bertholdt Hoover
93%
Jean Kirschtein
93%
Sasha Braus
93%
Titan Colossal
93%
Reiner Braun
92%
Titan Bestial
92%
Titan Charette
92%
Ymir
90%
Titan Cuirassé
88%
Hansi Zoe
87%
Marco Bott
87%
Titan Féminin
86%
Historia Reiss
85%
Titan Mâchoire
85%
Sieg Jaeger
84%
Falco Gleis
82%
Gaby Braun
81%
Dot Pixis
79%
Grisha Jaeger
79%
Titan Originel
79%
Carla Jaeger
77%
Kenny Ackerman
77%
Porco Galliard
76%
Jelena
74%
Conny Springer
73%
Hannes
71%
Peak Finger
69%
Onyankopon
64%
Petra Ral
64%
Floch Foster
57%
Nicolo
57%
Titan Marteau d'Armes
55%
Mike Zacharias
54%
Eren Kruger
51%
Rhodes Reiss
51%
Tom Xaver
51%
Ymir Fritz
51%
Dinah Fritz
49%
Theo Magath
49%
Lara Teyber
46%
Willy Teyber
44%
Keith Sadies
43%
Marcel Galliard
37%
Titan Assailant
19%
Aucun quiz correspondant
Distribution des résultats
% des personnes avec chaque résultat
Percentile par nombre de réponses
Votre historique - résultats
Vous n’avez pas pris ce quiz